000 00322 a2200109 4500
245 _aElements of chemistry
_hprint
100 _aR.B Bucat
650 _aChemistry
005 20191017173538.0
260 _ailu
_bAmerican school of correspondence
_c[c1907]
084 _aQD41 .A54
300 _a64 p. illus. 25 cm.
_b64 p. illus. 25 cm.
_c64 p. illus. 25 cm.
999 _c10404
_d10404